000 00455nam a2200193Ia 4500
008 210210b1947 xxu||||| |||| 00| 0 eng d
041 _aeng
082 _a538/33
100 _aIYER (S Rama)
245 _aIntermediate practical physics
260 _a
_bNot Mentioned
_c1947
300 _a190
650 _apractical
650 _aphysics
650 _aIntermediate
690 _aMathematical Physics
700 _aDANIEL (C J)
906 _a008981
999 _c126735
_d126735